01620nam a2200397Ia 4500001001200000003000800012006001900020007001500039008004100054010001700095020002600112020002900138020001800167040002100185035002100206050002400227100002700251245012000278260002800398300001100426490005000437500006400487504005100551533015200602650003900754650003300793650004100826650003800867650004600905650003700951650004500988655002901033710001701062856012601079999001701205ebr10631769CaPaEBRm u cr cn|||||||||120828s2013 ne sb 001 0 eng d z 2012035162 z9004235876 (hardback) z9789004235878 (hardback) z9789004237353 aCaPaEBRcCaPaEBR a(OCoLC)82889530614aKBR128b.S35 2013eb1 aSchlau, Stacey,d1948-10aGendered crime and punishmenth[electronic resource] :bwomen and/in the Hispanic inquisitions /cby Stacey Schlau. aLeiden :bBrill,c2013. a196 p.0 aMedieval and early modern Iberian world ;v49 a"Formerly Medieval Iberian Peninsula" -- Series title page. aIncludes bibliographical references and index. aElectronic reproduction.bPalo Alto, Calif. :cebrary,d2013.nAvailable via World Wide Web.nAccess may be limited to ebrary affiliated libraries. 0aInquisitionxSociological aspects. 0aInquisitionzSpainxHistory. 0aInquisitionzLatin AmericaxHistory. 0aFemale offenderszSpainxHistory. 0aFemale offenderszLatin AmericaxHistory. 0aWomenzSpainxSocial conditions. 0aWomenzLatin AmericaxSocial conditions. 7aElectronic books.2local2 aebrary, Inc.40uhttp://site.ebrary.com/lib/rucke/Doc?id=10631769zAn electronic book accessible through the World Wide Web; click to view c52258d52258